Sociología de la Iglesia (Record no. 34534)

MARC details
000 -LEADER
campo de control de longitud fija 00674nam a2200205 i 4500
001 - NÚMERO DE CONTROL
campo de control 34534
003 - IDENTIFICADOR DE NÚMERO DE CONTROL
campo de control ES-MaACL
005 - FECHA Y HORA DE LA ÚLTIMA TRANSACCIÓN
campo de control 20251224063015.0
007 - CAMPO FIJO DE DESCRIPCIÓN FÍSICA--INFORMACIÓN GENERAL
campo de control de longitud fija t|
008 - DATOS DE LONGITUD FIJA--INFORMACIÓN GENERAL
campo de control de longitud fija 030207s1969 sp |||| | spa d
100 1# - ENTRADA PRINCIPAL--NOMBRE DE PERSONA
Nombre de persona Bonhoeffer, Dietrich,
Fechas asociadas al nombre 1906-1945
9 (RLIN) 30163
245 10 - MENCIÓN DEL TÍTULO
Título Sociología de la Iglesia
Resto del título : Sanctorum Communio /
Mención de responsabilidad, etc. Dietrich Bonhoeffer ; [tradujeron A. Sènz y N. Fernández Marcos].
260 ## - PUBLICACIÓN, DISTRIBUCIÓN, ETC.
Lugar de publicación, distribución, etc. Salamanca :
Nombre del editor, distribuidor, etc. Sígueme,
Fecha de publicación, distribución, etc. 1969.
300 ## - DESCRIPCIÓN FÍSICA
Extensión 259 p. ;
Dimensiones 22 cm.
650 #4 - PUNTO DE ACCESO ADICIONAL DE MATERIA--TÉRMINO DE MATERIA
Término de materia o nombre geográfico como elemento de entrada Comunión de los santos.
9 (RLIN) 165054
700 1# - ENTRADA AGREGADA--NOMBRE PERSONAL
Nombre de persona Sáenz, Aaron.
9 (RLIN) 199741
700 1# - ENTRADA AGREGADA--NOMBRE PERSONAL
Nombre de persona Fernández Marcos, N.
9 (RLIN) 49890
852 ## - LOCALIZACIÓN
Ubicación ES-MaACL
Número de control de estantería C-38677
Holdings
Estatus retirado Estado de pérdida Estado de daño No para préstamo Biblioteca de origen Biblioteca actual Ubicación en estantería Fecha de adquisición Fuente de adquisición Total de préstamos Signatura topográfica completa Código de barras Visto por última vez Precio de reemplazo Tipo de ítem Koha
        Biblioteca del Ateneo de Madrid Biblioteca del Ateneo de Madrid Depósito 2 17/01/2008     C-38677 1036020 23/02/2023 23/02/2023 Libro impreso